000 01004nam0a22002651 4500
001 rc\809109
005 20041129091045.6
035 _a(NLR Aleph) 005992604
090 _a7143807
_c7143807
100 _a20041129d1984 u |0rusy50 ca
101 0 _arus
102 _aRU
105 _aa |||||||||
200 1 _aСинтез органических соединений из малых количеств
_eУчеб. пособие
210 _aЛ.
_cЛТИ
_d1984
215 _a63 с.
_cил.
_d20
300 _aВ надзаг.: М-во высш. и сред. спец. образования РСФСР, Ленингр. технол. ин-т им. Ленсовета, Каф. орган. химии
320 _aБиблиогр.: с. 61
700 1 _aСеркова
_bВ. И.
_gВалентина Иосифовна
701 1 _aРалль
_bК. Б.
_gКира Борисовна
801 0 _aRU
_bNLR
_gpsbo
801 1 _aRU
_bELAR
_2rusmarc
852 _aNLR
_j85-4/16972
942 _cBOOK
980 _aNB